Hoạt động xúc tiến thương mại : Những điều cần biết

Nội dung sách giới thiệu 85 câu hỏi và trả lời về hoạt động xúc tiến thương mại tại Việt Nam như: khuyến mãi, quảng cáo thương mại, trưng bày giới thiệu hàng hóa dịch vụ, hội chợ triển lãm thương mại, thành lập và hoạt động văn phòng đ...

全面介紹

Đã lưu trong:
書目詳細資料
企業作者: Bộ Công thương
格式: 圖書
語言:Undetermined
出版: Hà Nội Công thương 2016
主題:
標簽: 添加標簽
沒有標簽, 成為第一個標記此記錄!
Thư viện lưu trữ: Trung tâm Học liệu Trường Đại học Cần Thơ
LEADER 01440nam a2200229Ia 4500
001 CTU_225248
008 210402s9999 xx 000 0 und d
082 |a 346.59707 
082 |b B450 
110 |a Bộ Công thương 
245 0 |a Hoạt động xúc tiến thương mại : 
245 0 |b Những điều cần biết 
245 0 |c Bộ Công thương 
260 |a Hà Nội 
260 |b Công thương 
260 |c 2016 
520 |a Nội dung sách giới thiệu 85 câu hỏi và trả lời về hoạt động xúc tiến thương mại tại Việt Nam như: khuyến mãi, quảng cáo thương mại, trưng bày giới thiệu hàng hóa dịch vụ, hội chợ triển lãm thương mại, thành lập và hoạt động văn phòng đại diện của tổ chức xúc tiến thương mại nước ngoài tại Việt Nam. Vấn đề xử phạt hành chính trong hoạt động xúc tiến thương mại. 
650 |a Commercial law,Commercial law and practice course handbook series,Luật thương mai,Luật thương mai và sổ tay hướng dẫn thi hành,Luật thương mai và sổ tay hướng dẫn thi hành 
650 |z Vietnam,Việt Nam 
904 |i Qhieu 
910 |b dqhieu 
980 |a Trung tâm Học liệu Trường Đại học Cần Thơ